[Event "NOR-chB"]
[Site "Oslo"]
[Date "2023.07.07"]
[Round "8"]
[White "Kaewpitakkun, Pantham"]
[Black "Nordquelle, Amelia"]
[Result "1-0"]
[WhiteElo "1915"]
[BlackElo "1591"]
[PlyCount "123"]
[EventDate "2023.06.30"]
[EventType "swiss"]
[EventRounds "9"]
[EventCountry "NOR"]
[SourceTitle "EXT 2024"]
[Source "ChessBase"]
[SourceDate "2023.10.10"]
[SourceVersion "1"]
[SourceVersionDate "2023.10.10"]
[SourceQuality "1"]

1. e4 e5 2. Nf3 Nc6 3. Bb5 Nf6 4. d3 Bc5 5. c3 Qe7 6. 0-0 a6 7. Ba4 b5 8. Bc2 d6 9. Nbd2 0-0 10. h3 Bb6 11. Re1 Bb7 12. Nf1 Nb8 13. Ng3 c5 14. d4 cxd4 15. cxd4 Rd8 16. d5 Bc8 17. Be3 Bxe3 18. Rxe3 Nbd7 19. Rc1 a5 20. Bd3 Ba6 21. Qf1 Rab8 22. a4 Nc5 23. Bxb5 Bxb5 24. axb5 Qe8 25. Nd2 Qxb5 26. Qxb5 Rxb5 27. Nc4 g6 28. f3 a4 29. Ne2 Kf8 30. Rc2 Ke7 31. Nc3 Rbb8 32. Na5 Rdc8 33. Nc6+ Rxc6 34. dxc6 Ke6 35. Re1 Rc8 36. Rd1 Ng8 37. c7 Rxc7 38. Nxa4 Ne7 39. b4 Na6 40. Rxc7 Nxc7 41. Nc3 d5 42. exd5+ Nexd5 43. Nxd5 Nxd5 44. Rb1 Kd6 45. Kh2 Kc6 46. Rc1+ Kb6 47. Rc5 Nxb4 48. Rxe5 Nc6 49. Re8 Kc7 50. Rf8 Nd8 51. g4 Kd7 52. Rh8 Ne6 53. Kg3 Ke7 54. Rxh7 Nf8 55. Rg7 Ne6 56. Rg8 Kf6 57. h4 Nd4 58. Re8 Ne6 59. Ra8 Nd4 60. Re8 Ne6 61. g5+ Kf5 62. Re7 1-0

[Event "NOR-chB"]
[Site "Oslo"]
[Date "2023.07.05"]
[Round "6"]
[White "Nordquelle, Amelia"]
[Black "Bjorkan, Olav"]
[Result "1/2-1/2"]
[WhiteElo "1591"]
[BlackElo "1635"]
[PlyCount "62"]
[EventDate "2023.06.30"]
[EventType "swiss"]
[EventRounds "9"]
[EventCountry "NOR"]
[SourceTitle "EXT 2024"]
[Source "ChessBase"]
[SourceDate "2023.10.10"]
[SourceVersion "1"]
[SourceVersionDate "2023.10.10"]
[SourceQuality "1"]

1. c4 e5 2. Nc3 Nf6 3. Nf3 Nc6 4. g3 Be7 5. Bg2 0-0 6. d4 exd4 7. Nxd4 Nxd4 8. Qxd4 d6 9. 0-0 Nd7 10. Nd5 Bf6 11. Nxf6+ Qxf6 12. Qxf6 Nxf6 13. Be3 Re8 14. Rfe1 Ng4 15. Bd4 Ne5 16. b4 Nc6 17. Bc3 Rb8 18. Rac1 Bd7 19. Kf1 Ne5 20. Bd4 Bc6 21. Bh3 Bd7 22. Bg2 Bc6 23. f3 a6 24. Rc3 Re7 25. Rec1 Rbe8 26. Kf2 Ng4+ 27. Kg1 Rxe2 28. Bf1 Rxh2 29. fxg4 Rh1+ 30. Kf2 Rh2+ 31. Kg1 Rh1+ 1/2-1/2

[Event "NOR-chB"]
[Site "Oslo"]
[Date "2023.07.04"]
[Round "5"]
[White "Kierulf, Villum Brevick"]
[Black "Nordquelle, Amelia"]
[Result "1/2-1/2"]
[WhiteElo "1818"]
[BlackElo "1591"]
[PlyCount "114"]
[EventDate "2023.06.30"]
[EventType "swiss"]
[EventRounds "9"]
[EventCountry "NOR"]
[SourceTitle "EXT 2024"]
[Source "ChessBase"]
[SourceDate "2023.10.10"]
[SourceVersion "1"]
[SourceVersionDate "2023.10.10"]
[SourceQuality "1"]

1. c4 e5 2. Nc3 Bb4 3. Nd5 Ba5 4. b4 Bb6 5. c5 c6 6. cxb6 cxd5 7. bxa7 Rxa7 8. d4 d6 9. dxe5 dxe5 10. Bb2 Qd6 11. a3 Ne7 12. Nf3 f6 13. e3 0-0 14. Be2 Nbc6 15. 0-0 Rd8 16. Qd2 Ra8 17. Rfd1 Kh8 18. Bc3 b6 19. b5 Na5 20. Bb4 Qe6 21. Bxe7 Qxe7 22. Qb4 Qf7 23. Rac1 Be6 24. Rc3 Qf8 25. Qxf8+ Rxf8 26. Rdc1 Rac8 27. Ne1 Nb3 28. Rxc8 Rxc8 29. Rc6 Rxc6 30. bxc6 Nc5 31. Nd3 Nxd3 32. Bxd3 Bc8 33. Kf1 Kg8 34. Ke1 Kf7 35. Kd2 Ke7 36. Kc3 Kd6 37. Bb5 Kc5 38. a4 g6 39. g3 g5 40. f3 h6 41. Kd3 f5 42. f4 e4+ 43. Kc3 g4 44. c7 d4+ 45. exd4+ Kd6 46. Kb4 Kxc7 47. a5 bxa5+ 48. Kxa5 Kd6 49. Kb4 Bd7 50. Ba6 Bc6 51. Kc3 Bd5 52. Kd2 Be6 53. Ke3 Kc6 54. Be2 Kd5 55. Bf1 Bd7 56. Be2 Ba4 57. Ba6 Bd7 1/2-1/2

[Event "EU-ch U16 Girls 30th"]
[Site "Antalya"]
[Date "2022.11.09"]
[Round "4"]
[White "Ciftci, Zeynep"]
[Black "Nordquelle, Amelia"]
[Result "1-0"]
[WhiteElo "1970"]
[BlackElo "1703"]
[PlyCount "71"]
[EventDate "2022.11.06"]
[EventType "swiss"]
[EventRounds "9"]
[EventCountry "TUR"]
[SourceTitle "EXT 2024"]
[Source "ChessBase"]
[SourceDate "2023.10.10"]
[SourceVersion "1"]
[SourceVersionDate "2023.10.10"]
[SourceQuality "1"]

1. d4 d5 2. c4 c6 3. cxd5 cxd5 4. Bg5 h6 5. Bh4 Nf6 6. Bxf6 exf6 7. Nc3 Nc6 8. e3 Be6 9. Bd3 Bb4 10. Rc1 0-0 11. a3 Bxc3+ 12. Rxc3 Rc8 13. Ne2 Qd7 14. Qa4 a6 15. 0-0 Ne5 16. Qxd7 Nxd7 17. Rfc1 Nb6 18. Rc7 Rxc7 19. Rxc7 Rb8 20. b3 Nc8 21. Nf4 Nd6 22. Nxe6 fxe6 23. Rd7 Nf7 24. Bg6 Nh8 25. Bd3 Nf7 26. h4 g5 27. h5 f5 28. g4 fxg4 29. Kg2 b5 30. Ra7 Rb6 31. Bg6 Nd6 32. Kg3 Nb7 33. Kxg4 Kg7 34. b4 Kg8 35. Ra8+ Kg7 36. Re8 1-0

[Event "EU-ch U16 Girls 30th"]
[Site "Antalya"]
[Date "2022.11.06"]
[Round "1"]
[White "Manko, Mariya"]
[Black "Nordquelle, Amelia"]
[Result "1-0"]
[WhiteElo "2085"]
[BlackElo "1703"]
[PlyCount "99"]
[EventDate "2022.11.06"]
[EventType "swiss"]
[EventRounds "9"]
[EventCountry "TUR"]
[SourceTitle "CBM 211 Extra"]
[Source "ChessBase"]
[SourceDate "2023.01.31"]
[SourceVersion "1"]
[SourceVersionDate "2023.01.31"]
[SourceQuality "1"]

1. Nf3 d5 2. d4 Nf6 3. c4 c6 4. Qc2 Bg4 5. Ne5 e6 6. Nxg4 Nxg4 7. h3 Nf6 8. g3 g6 9. Bg2 Bg7 10. 0-0 0-0 11. Rd1 Qe7 12. b3 Rd8 13. Nc3 Na6 14. a3 Rac8 15. e4 dxe4 16. Nxe4 Nxe4 17. Qxe4 Nc5 18. Qe3 Bxd4 19. Rxd4 Rxd4 20. Qxd4 Nxb3 21. Qc3 Nxa1 22. Qxa1 f6 23. Be3 c5 24. Qb2 b6 25. a4 Kf7 26. Qb5 g5 27. a5 Qc7 28. Qb1 Kg7 29. a6 Rd8 30. Qe4 Qd6 31. Bf1 f5 32. Qf3 Kg6 33. Be2 h6 34. Qh5+ Kg7 35. h4 f4 36. gxf4 gxf4 37. Qg4+ Kh8 38. Bxf4 Qd4 39. Bxh6 Rg8 40. Bg5 Qxg4+ 41. Bxg4 Re8 42. Bf6+ Kh7 43. Be5 Kg6 44. f4 Re7 45. Kf2 Re8 46. Kf3 Re7 47. Ke3 Re8 48. Ke4 Re7 49. Bxe6 Kh5 50. f5 1-0

[Event "Wch FIDE Online U14 Girls Europe qual"]
[Site "Tornelo INT"]
[Date "2020.12.09"]
[Round "7"]
[White "Nordquelle, Amelia"]
[Black "Siekanska, Maria"]
[Result "0-1"]
[WhiteElo "1581"]
[BlackElo "1587"]
[PlyCount "78"]
[EventDate "2020.12.07"]
[EventType "swiss (rapid)"]
[EventRounds "7"]
[EventCountry "ISS"]
[SourceTitle "EXT 2022"]
[Source "ChessBase"]
[SourceDate "2021.10.06"]
[SourceVersion "1"]
[SourceVersionDate "2021.10.06"]
[SourceQuality "1"]

1. d4 d5 2. c4 e6 3. Nc3 c5 4. cxd5 exd5 5. Nf3 Nc6 6. e3 Nf6 7. a3 a6 8. dxc5 Bxc5 9. b4 Ba7 10. Bb2 0-0 11. Be2 Re8 12. 0-0 Bf5 13. Nd4 Nxd4 14. exd4 Qd6 15. Na4 Ne4 16. Nc5 Bb8 17. g3 Qg6 18. Bf3 b6 19. Nxe4 dxe4 20. Bg2 Bd6 21. Rc1 Rad8 22. Re1 h5 23. h4 e3 24. Qf3 exf2+ 25. Kxf2 Bg4 26. Qb3 Re6 27. Bd5 Rf6+ 28. Kg2 Bf5 29. Rc6 Qg4 30. Bf3 Qh3+ 31. Kg1 Qxg3+ 32. Kf1 Bh3+ 33. Ke2 Re8+ 34. Kd2 Qxe1+ 35. Kc2 Rxf3 36. Qxf3 Re2+ 37. Kd3 Qd1+ 38. Kc4 Rc2+ 39. Bc3 Qxf3 0-1

[Event "EU-ch Online U14 Girls"]
[Site "Tornelo INT"]
[Date "2020.09.20"]
[Round "9"]
[White "Humbatova, Nazli"]
[Black "Nordquelle, Amelia"]
[Result "1-0"]
[WhiteElo "1388"]
[BlackElo "1588"]
[PlyCount "115"]
[EventDate "2020.09.18"]
[EventType "swiss (rapid)"]
[EventRounds "9"]
[EventCountry "NET"]
[SourceTitle "EXT 2023"]
[Source "ChessBase"]
[SourceDate "2022.10.05"]
[SourceVersion "1"]
[SourceVersionDate "2022.10.05"]
[SourceQuality "1"]
[WhiteTeam "Azerbaijan"]
[BlackTeam "Norway"]
[WhiteTeamCountry "AZE"]
[BlackTeamCountry "NOR"]

1. e4 c5 2. Nf3 d6 3. d4 cxd4 4. Nxd4 Nf6 5. Nc3 a6 6. Be2 e5 7. Nb3 Be6 8. 0-0 g6 9. Bg5 Bg7 10. Nd5 Nbd7 11. c4 Bxd5 12. exd5 h6 13. Be3 Rc8 14. Nd2 0-0 15. b4 b6 16. Rc1 a5 17. a3 Nh7 18. Nb3 f5 19. f3 axb4 20. axb4 Nhf6 21. Kh1 f4 22. Bf2 e4 23. Bd4 g5 24. fxe4 Nxe4 25. Bg4 Rc7 26. Bxg7 Kxg7 27. Nd4 Kh7 28. Ne6 Qc8 29. Qd3 Re8 30. Qxe4+ Kh8 31. Qg6 Nf8 32. Qf6+ Kg8 33. Nxc7 Qxc7 34. Qxh6 Re5 35. Rfe1 Qxc4 36. Qxg5+ Rxg5 37. Rxc4 Rxg4 38. Rc6 Ng6 39. Rxd6 Nh4 40. Rg1 Rg5 41. g3 Nf3 42. Rf1 fxg3 43. Rxf3 g2+ 44. Kg1 Re5 45. Rg3+ Kf7 46. Rxg2 Re1+ 47. Kf2 Rb1 48. Rxb6 Rd1 49. Rg5 Rd2+ 50. Kg3 Ke7 51. h4 Rd3+ 52. Kf4 Kf7 53. d6 Rd4+ 54. Kg3 Rd3+ 55. Kg4 Rd4+ 56. Kh5 Rd5 57. Rxd5 Ke6 58. d7+ 1-0

[Event "EU-ch Online U14 Girls"]
[Site "Tornelo INT"]
[Date "2020.09.20"]
[Round "7"]
[White "Norman, Kseniya"]
[Black "Nordquelle, Amelia"]
[Result "1-0"]
[WhiteElo "1496"]
[BlackElo "1588"]
[PlyCount "119"]
[EventDate "2020.09.18"]
[EventType "swiss (rapid)"]
[EventRounds "9"]
[EventCountry "NET"]
[SourceTitle "EXT 2023"]
[Source "ChessBase"]
[SourceDate "2022.10.05"]
[SourceVersion "1"]
[SourceVersionDate "2022.10.05"]
[SourceQuality "1"]
[WhiteTeam "Belarus"]
[BlackTeam "Norway"]
[WhiteTeamCountry "BLR"]
[BlackTeamCountry "NOR"]

1. e4 e5 2. Nf3 Nc6 3. Bb5 Nf6 4. Qe2 d6 5. c3 Bd7 6. 0-0 a6 7. Ba4 g6 8. d4 b5 9. Bc2 Bg7 10. Bg5 h6 11. Be3 0-0 12. Nbd2 Re8 13. d5 Ne7 14. a4 Ng4 15. h3 Nxe3 16. fxe3 f5 17. Nh4 f4 18. axb5 Bxb5 19. c4 Bd7 20. Nhf3 Rf8 21. Ba4 g5 22. Nh2 Ng6 23. Nb3 Nh4 24. c5 fxe3 25. Rxf8+ Bxf8 26. Qxe3 Bb5 27. c6 Bg7 28. Nd2 Ng6 29. g3 Qc8 30. Kg2 Qf8 31. Bd1 Rb8 32. b3 Kh7 33. Bg4 Qf7 34. Bf5 Kh8 35. Be6 Qe7 36. Bf5 Qf7 37. Bg4 Rf8 38. Be2 Qe7 39. Bxb5 axb5 40. Qe2 Rb8 41. b4 Qe8 42. Ra5 Qf7 43. Rxb5 Ra8 44. Ra5 Rb8 45. b5 Kg8 46. Qf2 h5 47. Qxf7+ Kxf7 48. Kf3 Ke8 49. Nhf1 h4 50. Ne3 hxg3 51. Kxg3 Nf4 52. Nf5 Kf8 53. Nc4 Bf6 54. Ncxd6 cxd6 55. c7 Rc8 56. b6 Nxd5 57. exd5 e4 58. b7 Be5+ 59. Kg2 Rxc7 60. b8Q+ 1-0

[Event "EU-ch Online U14 Girls"]
[Site "Tornelo INT"]
[Date "2020.09.18"]
[Round "3"]
[White "Manko, Mariya"]
[Black "Nordquelle, Amelia"]
[Result "1-0"]
[WhiteElo "1820"]
[BlackElo "1588"]
[PlyCount "83"]
[EventDate "2020.09.18"]
[EventType "swiss (rapid)"]
[EventRounds "9"]
[EventCountry "NET"]
[SourceTitle "EXT 2023"]
[Source "ChessBase"]
[SourceDate "2022.10.05"]
[SourceVersion "1"]
[SourceVersionDate "2022.10.05"]
[SourceQuality "1"]
[WhiteTeam "Ukraine"]
[BlackTeam "Norway"]
[WhiteTeamCountry "UKR"]
[BlackTeamCountry "NOR"]

1. Nf3 d5 2. c4 e6 3. g3 Nf6 4. Bg2 c5 5. 0-0 Nc6 6. cxd5 exd5 7. b3 Bd6 8. d4 0-0 9. Nc3 a6 10. Ba3 cxd4 11. Bxd6 Qxd6 12. Nxd4 Qb4 13. Nxc6 bxc6 14. Rc1 Bb7 15. Na4 Nd7 16. Bh3 f5 17. Qc2 g6 18. Rfd1 Rae8 19. e3 Re5 20. Nb2 Qd6 21. Nc4 Qe7 22. Na5 Nb8 23. Qb2 Re6 24. b4 Bc8 25. a3 Rd6 26. Qd4 Qf6 27. Qa7 Nd7 28. Qc7 Ne5 29. f4 Nf7 30. Rxc6 Rxc6 31. Nxc6 Kh8 32. Ne7 Be6 33. Nxd5 Bxd5 34. Rxd5 Qa1+ 35. Bf1 Qxa3 36. Qe7 Rc8 37. Rd7 Qc3 38. Qxf7 Qxe3+ 39. Kg2 Rc2+ 40. Kh3 Rxh2+ 41. Kxh2 Qf2+ 42. Bg2 1-0

[Event "NOR-ch (Women)"]
[Site "Bergen"]
[Date "2020.02.29"]
[Round "2"]
[White "Nordquelle, Amelia"]
[Black "Machlik, Monika"]
[Result "0-1"]
[WhiteElo "1768"]
[BlackElo "2106"]
[PlyCount "62"]
[EventDate "2020.02.28"]
[EventType "swiss"]
[EventRounds "5"]
[EventCountry "NOR"]
[SourceTitle "CBM 195 Extra"]
[Source "ChessBase"]
[SourceDate "2020.05.31"]
[SourceVersion "1"]
[SourceVersionDate "2020.05.31"]
[SourceQuality "1"]

1. d4 Nf6 2. c4 e6 3. Nf3 Bb4+ 4. Bd2 a5 5. a3 Bxd2+ 6. Qxd2 d6 7. Nc3 Nc6 8. e4 0-0 9. Be2 e5 10. d5 Ne7 11. 0-0 Ng6 12. Rfe1 Nf4 13. Bf1 Bg4 14. Re3 Nd7 15. h3 Bxf3 16. Rxf3 Nc5 17. g3 Qg5 18. Qd1 Qg6 19. Kh2 Nh5 20. Bd3 Nf6 21. Re3 Nxd3 22. Qxd3 Nd7 23. Qd1 f5 24. exf5 Qxf5 25. f3 Nc5 26. b4 axb4 27. axb4 Rxa1 28. Qxa1 Nb3 29. Qb1 Nd2 30. Qxf5 Rxf5 31. Ne4 Nf1+ 0-1

[Event "Nordic-ch U13"]
[Site "Fredericia"]
[Date "2020.02.16"]
[Round "4"]
[White "Wahlgreen, Noah Krug"]
[Black "Nordquelle, Amelia"]
[Result "1-0"]
[WhiteElo "1765"]
[BlackElo "1768"]
[PlyCount "111"]
[EventDate "2020.02.14"]
[EventType "swiss"]
[EventRounds "6"]
[EventCountry "DEN"]
[SourceTitle "EXT 2021"]
[Source "ChessBase"]
[SourceDate "2020.10.23"]
[SourceVersion "1"]
[SourceVersionDate "2020.10.23"]
[SourceQuality "1"]

1. d4 d5 2. Nc3 Nf6 3. Bf4 c5 4. e3 Nc6 5. Nb5 e5 6. Bxe5 Nxe5 7. dxe5 Ne4 8. Qxd5 Bf5 9. Bc4 Qxd5 10. Nc7+ Kd7 11. Nxd5 Kc6 12. f3 Rd8 13. fxe4 Bxe4 14. Bb5+ Kxd5 15. 0-0-0+ Ke6 16. Rxd8 Bxg2 17. Nf3 Bxh1 18. Ng5+ Kf5 19. Nxf7 Rg8 20. Bc4 g6 21. Bd3+ Ke6 22. Ng5+ Ke7 23. Rc8 h6 24. Bc4 Rg7 25. Rc7+ Ke8 26. Bf7+ Rxf7 27. Nxf7 Bc6 28. Nd6+ Kd8 29. Rf7 Be7 30. Rg7 g5 31. Kd2 b5 32. Nf5 Bf8 33. Rxa7 Bd7 34. Ra8+ Bc8 35. e6 Kc7 36. e7 Bxe7 37. Nxe7 Bg4 38. Ra6 h5 39. Nd5+ Kd8 40. Rd6+ Kc8 41. Rg6 Bf3 42. Rxg5 Kb7 43. Nf4 h4 44. Rxc5 Kb6 45. b4 Ka7 46. Kc3 Bg4 47. Kd4 h3 48. Ke5 Ka6 49. Kd6 Bf3 50. Kc7 Bb7 51. Nd5 Ba8 52. a4 Ka7 53. Rxb5 Bb7 54. Ra5+ Ba6 55. b5 Ka8 56. Rxa6# 1-0

[Event "Nordic-ch U13"]
[Site "Fredericia"]
[Date "2020.02.15"]
[Round "3"]
[White "Nordquelle, Amelia"]
[Black "Hald Falkesgaard, Jeppe"]
[Result "0-1"]
[WhiteElo "1768"]
[BlackElo "1936"]
[PlyCount "112"]
[EventDate "2020.02.14"]
[EventType "swiss"]
[EventRounds "6"]
[EventCountry "DEN"]
[SourceTitle "EXT 2021"]
[Source "ChessBase"]
[SourceDate "2020.10.23"]
[SourceVersion "1"]
[SourceVersionDate "2020.10.23"]
[SourceQuality "1"]

1. d4 Nf6 2. c4 g6 3. Nc3 Bg7 4. e4 d6 5. Nf3 0-0 6. h3 e5 7. d5 Nh5 8. g4 Nf4 9. g5 a5 10. Bxf4 exf4 11. Qd2 f5 12. exf5 Bxf5 13. Bd3 Bxd3 14. Qxd3 Na6 15. 0-0 Nc5 16. Qc2 Qd7 17. Kh2 Rae8 18. Rae1 Be5 19. Ne4 Nxe4 20. Rxe4 Qg7 21. Rfe1 Rf5 22. Qe2 h6 23. gxh6 Qxh6 24. Nxe5 Rfxe5 25. Qf3 Qg5 26. Rg1 Qxg1+ 27. Kxg1 Rxe4 28. Qg4 Kg7 29. b3 R8e7 30. h4 f3 31. Qxf3 Rxh4 32. Qc3+ Kh6 33. Qxa5 Rg4+ 34. Kf1 Kg5 35. Qd2+ Rf4 36. Kg2 Kf5 37. f3 g5 38. a4 g4 39. fxg4+ Rxg4+ 40. Kf3 Ree4 41. Qh6 Rgf4+ 42. Kg2 Re2+ 43. Kg1 Ke4 44. Qe6+ Kd3 45. Qg6+ Rfe4 46. Kf1 Kd2 47. Qg5+ Kd1 48. Qh5 Rf4+ 49. Kg1 Kd2 50. Qh3 Ref2 51. Qh6 R2f3 52. Qg7 Rf1+ 53. Kg2 R4f2+ 54. Kh3 Rh1+ 55. Kg3 Rg1+ 56. Kxf2 Rxg7 0-1

[Event "Nordic-ch U13"]
[Site "Fredericia"]
[Date "2020.02.14"]
[Round "2"]
[White "Trost, Edvin"]
[Black "Nordquelle, Amelia"]
[Result "1-0"]
[WhiteElo "2153"]
[BlackElo "1768"]
[PlyCount "47"]
[EventDate "2020.02.14"]
[EventType "swiss"]
[EventRounds "6"]
[EventCountry "DEN"]
[SourceTitle "EXT 2021"]
[Source "ChessBase"]
[SourceDate "2020.10.23"]
[SourceVersion "1"]
[SourceVersionDate "2020.10.23"]
[SourceQuality "1"]

1. Nf3 d5 2. e3 c5 3. c4 d4 4. b4 Bg4 5. exd4 Nc6 6. d5 Nxb4 7. a3 Na6 8. Bb2 Nf6 9. h3 Bh5 10. g4 Bg6 11. Ne5 Nc7 12. Qa4+ Nd7 13. Bg2 a6 14. 0-0 b5 15. Qa5 Nxe5 16. Bxe5 Rc8 17. Re1 Bd3 18. Qb6 Bxc4 19. d6 Nd5 20. Qxa6 f6 21. Bg3 Nb6 22. dxe7 Bxe7 23. Qb7 Rb8 24. Bxb8 1-0

[Event "Skien-ch U20"]
[Site "Skien"]
[Date "2019.11.09"]
[Round "4"]
[White "Lye, Sverre"]
[Black "Nordquelle, Amelia"]
[Result "0-1"]
[WhiteElo "1779"]
[BlackElo "1670"]
[PlyCount "80"]
[EventDate "2019.11.08"]
[EventType "swiss"]
[EventRounds "7"]
[EventCountry "NOR"]
[SourceTitle "CBM 193 Extra"]
[Source "ChessBase"]
[SourceDate "2020.01.31"]
[SourceVersion "1"]
[SourceVersionDate "2020.01.31"]
[SourceQuality "1"]

1. e4 c5 2. Nf3 d6 3. Bb5+ Bd7 4. Bxd7+ Qxd7 5. c4 Nc6 6. Nc3 g6 7. d4 cxd4 8. Nxd4 Bg7 9. Be3 Ne5 10. b3 Nh6 11. f3 f5 12. Qd2 Nef7 13. h3 f4 14. Bf2 Ng8 15. Nde2 g5 16. h4 h6 17. hxg5 hxg5 18. Rxh8 Bxh8 19. 0-0-0 Be5 20. Nb5 a6 21. Nbc3 Nf6 22. Na4 Qc6 23. Nb6 Rd8 24. Rh1 e6 25. Nc3 Nd7 26. Nxd7 Rxd7 27. Na4 b5 28. Nb6 Rb7 29. Qa5 d5 30. exd5 exd5 31. c5 d4 32. b4 Bc7 33. Re1+ Kf8 34. Kd1 d3 35. Qxa6 Bxb6 36. a4 bxa4 37. b5 Qd5 38. Qxa4 Ra7 39. Qb4 Ra1+ 40. Kd2 Ba5 0-1

[Event "EU-ch U12 Girls"]
[Site "Bratislava"]
[Date "2019.08.05"]
[Round "4"]
[White "Nordquelle, Amelia"]
[Black "Dubovik, Maria"]
[Result "1-0"]
[WhiteElo "1663"]
[BlackElo "1504"]
[PlyCount "133"]
[EventDate "2019.08.02"]
[EventType "swiss"]
[EventRounds "9"]
[EventCountry "SVK"]
[SourceTitle "EXT 2020"]
[Source "ChessBase"]
[SourceDate "2019.10.17"]
[SourceVersion "1"]
[SourceVersionDate "2019.10.17"]
[SourceQuality "1"]

1. d4 d5 2. c4 e6 3. Nc3 Nf6 4. Nf3 a6 5. Bg5 c6 6. e3 Bb4 7. Bd3 Qa5 8. Qc2 dxc4 9. Bxc4 Ne4 10. Qxe4 Bxc3+ 11. Ke2 Bxb2 12. Rab1 Bc3 13. Rhd1 b5 14. Bb3 0-0 15. Bc2 f5 16. Qd3 Nd7 17. Bb3 Nf6 18. Qxf5 Nd5 19. Qc2 b4 20. Ne5 Qc7 21. Qe4 a5 22. Kf1 Rf5 23. Bc2 g6 24. Qh4 Rxe5 25. dxe5 Bxe5 26. Kg1 Ba6 27. Rbc1 Nc3 28. Rd8+ Rxd8 29. Bxd8 Bxh2+ 30. Kh1 Qd6 31. Bxa5 Be5 32. Bb3 c5 33. Bd8 c4 34. Bxc4 Bxc4 35. Qxc4 Kf7 36. Ba5 Qd2 37. Ra1 Ne4 38. Qxe4 Bxa1 39. Qb7+ Kf6 40. Qxb4 Qd1+ 41. Qe1 Qh5+ 42. Kg1 Be5 43. f4 Bb2 44. Qd2 Ba1 45. Bd8+ Kg7 46. Qd7+ Kg8 47. Qxe6+ Kg7 48. Qd7+ Kg8 49. Be7 Qf5 50. Qxf5 gxf5 51. Kf2 Kf7 52. Bc5 Bc3 53. Kf3 Ba5 54. g4 fxg4+ 55. Kxg4 Kf6 56. Kh5 Kf5 57. Kh6 Kf6 58. Kxh7 Kf7 59. e4 Bd2 60. Bd6 Ke6 61. Be5 Ba5 62. Kg6 Bd8 63. Bc3 Bb6 64. f5+ Ke7 65. f6+ Kf8 66. Bb4+ Ke8 67. f7+ 1-0

[Event "EU-ch U12 Girls"]
[Site "Bratislava"]
[Date "2019.08.04"]
[Round "3"]
[White "Bondar, Daria"]
[Black "Nordquelle, Amelia"]
[Result "0-1"]
[WhiteElo "1391"]
[BlackElo "1663"]
[PlyCount "78"]
[EventDate "2019.08.02"]
[EventType "swiss"]
[EventRounds "9"]
[EventCountry "SVK"]
[SourceTitle "EXT 2020"]
[Source "ChessBase"]
[SourceDate "2019.10.17"]
[SourceVersion "1"]
[SourceVersionDate "2019.10.17"]
[SourceQuality "1"]

1. e4 c5 2. Nf3 d6 3. d4 cxd4 4. Nxd4 Nf6 5. Nc3 g6 6. Be2 Bg7 7. Be3 0-0 8. 0-0 Nc6 9. Nb3 a5 10. a4 Nb4 11. f4 e5 12. h3 d5 13. Bc5 Re8 14. Bb5 Bd7 15. Nxd5 Bxb5 16. axb5 Nxe4 17. Bxb4 axb4 18. Rxa8 Qxa8 19. Nxb4 Qa7+ 20. Kh2 exf4 21. Qd7 Qb8 22. Nd3 f3+ 23. Kg1 f2+ 24. Nxf2 Nxf2 25. Kxf2 Qa7+ 26. Kg3 Be5+ 27. Kf3 Re6 28. Qc8+ Kg7 29. Nc5 Re7 30. Re1 Rc7 31. Qe8 Bxb2 32. Nd7 Qa3+ 33. Re3 Qd6 34. Rd3 Qb4 35. b6 Rxc2 36. Qb8 Qe7 37. Rd5 Qa3+ 38. Kg4 Rc4+ 39. Kg5 h6# 0-1

[Event "Nordic Chess-ch U13"]
[Site "Koge"]
[Date "2019.04.28"]
[Round "5"]
[White "Nordquelle, Amelia"]
[Black "Jokinen, Sini"]
[Result "1-0"]
[WhiteElo "1568"]
[BlackElo "1158"]
[PlyCount "139"]
[EventDate "2019.04.26"]
[EventType "swiss"]
[EventRounds "5"]
[EventCountry "DEN"]
[SourceTitle "EXT 2021"]
[Source "ChessBase"]
[SourceDate "2020.10.23"]
[SourceVersion "1"]
[SourceVersionDate "2020.10.23"]
[SourceQuality "1"]

1. d4 f5 2. c4 Nf6 3. Nc3 b6 4. f3 Bb7 5. d5 c6 6. e4 fxe4 7. fxe4 d6 8. Nf3 c5 9. Be2 g6 10. Ng5 Bc8 11. Bf4 h6 12. Ne6 Bxe6 13. dxe6 Bg7 14. e5 dxe5 15. Qxd8+ Kxd8 16. Bf3 exf4 17. Bxa8 a6 18. 0-0 g5 19. Rad1+ Kc8 20. b3 Ng4 21. Nd5 Bd4+ 22. Kh1 Nf2+ 23. Rxf2 Bxf2 24. Nxe7+ Kc7 25. Nd5+ Kc8 26. Nxb6+ Kc7 27. Nd5+ Kc8 28. Ne7+ Kc7 29. Ng6 Re8 30. e7 Bd4 31. Bd5 Nc6 32. Bf7 Rxe7 33. Nxe7 Nxe7 34. Re1 Nc6 35. Re6 Nb4 36. a3 Nc2 37. Rxa6 Bb2 38. Rxh6 Bxa3 39. Rg6 Na1 40. Rxg5 Nxb3 41. Rf5 Bc1 42. h4 Kd6 43. h5 Nd4 44. Rd5+ Ke7 45. Bg6 Nb3 46. Rf5 Ke6 47. h6 Bb2 48. Rf8 Ke7 49. Re8+ Kf6 50. Be4 Kf7 51. Rd8 Bd4 52. h7 Nd2 53. Rxd4 cxd4 54. h8Q Nxe4 55. Qh7+ Kf6 56. Qxe4 Kg5 57. Kh2 Kg4 58. Qg6+ Kh4 59. g3+ fxg3+ 60. Qxg3+ Kh5 61. Qf4 d3 62. Kg3 Kg6 63. Kg4 d2 64. Qxd2 Kf6 65. Qd6+ Kg7 66. Kg5 Kf7 67. Qf6+ Ke8 68. Qg7 Kd8 69. Kf6 Ke8 70. Qe7# 1-0